UBT Library

From Bauhaus to our house / (Record no. 464)

000 -LEADER
fixed length control field 00443nam a22001697a 4500
008 - FIXED-LENGTH DATA ELEMENTS--GENERAL INFORMATION
fixed length control field 140523b xxu||||| |||| 00| 0 eng d
020 ## - INTERNATIONAL STANDARD BOOK NUMBER
International Standard Book Number 055338063X
041 0# - LANGUAGE CODE
Language code of text/sound track or separate title eng
080 ## - UNIVERSAL DECIMAL CLASSIFICATION NUMBER
Universal Decimal Classification number 72
100 ## - Rafti
Rafti Wolfe, Tom.
245 10 - TITLE STATEMENT
Title From Bauhaus to our house /
Statement of responsibility, etc Tom Wolfe.
260 ## -
-- New York :
-- Farrar Straus Giroux,
-- 1981.
300 ## -
-- 111 f.:
-- me il.;
-- 21 cm.
610 20 -
-- Bauhaus
-- Ndikimi
650 #0 -
-- Arkitektura
-- SHBA
942 ## - ADDED ENTRY ELEMENTS (KOHA)
Source of classification or shelving scheme
Item type Books
Holdings
Withdrawn status Lost status Source of classification or shelving scheme Damaged status Not for loan Collection code Permanent location Current location Shelving location Date acquired Total Checkouts Full call number Barcode Date last seen Koha item type
          Koleksioni i përgjithshem UBT - Prishtine UBT - Prishtine Koleksioni i përgjithshem 05/23/2014   72 WOL 001-000570 05/23/2014 Books
UBT Library © 2015-2024. All rights reserved University Education for Business and Technology